Adaptive control systems : proceedings of a symposium held in Garden City, Long Island, New York, October 1960 /

Guardado en:
Autor Corporativo: Institute of Radio Engineers. Long Island Section.
Otros Autores: Caruthers, Felix P., (Editor , ed.), Levenstein, Harold Samuel, 1916-, (Editor , ed.)
Formato: Libro
Idioma:English
Publicado: New York : Macmillan, c1963.
Etiquetas: Agregar Etiqueta
Sin Etiquetas, Sea el primero en etiquetar este registro!
LEADER 00837nam a22002291a 4500
001 MAT.inmabb002535
008 910819s1963####nyua##########100#0#eng##
005 20160505174344.0
245 1 0 |a Adaptive control systems :  |b proceedings of a symposium held in Garden City, Long Island, New York, October 1960 /  |c Felix P. Caruthers and Harold Levenstein, editors. 
260 |a New York :  |b Macmillan,  |c c1963. 
300 |a 290 p. :  |b il. ;  |c 23 cm. 
500 |a A Pergamon Press book. 
700 1 |a Caruthers, Felix P.,  |e ed.  |4 edt 
700 1 |a Levenstein, Harold Samuel,  |d 1916-,  |e ed.  |4 edt 
710 2 |a Institute of Radio Engineers.  |b Long Island Section. 
084 |a 93-06  |2 MR 
084 |a 93C40  |2 MR 
084 |a 93C83  |2 MR 
084 |a 68T05  |2 MR 
010 |a  62011555  
040 |a DLC  |c CaSRU  |d DLC 
859 |h 93  |i Ad221  |p A-8191  |b BIB. MATEMATICA